000 00411nam a2200169 i 4500
001 bg
100 1 _aCELMEROWSKI, Czesław
245 0 _aProjektowanie i optymalizacja konstrukcji /
_cCz. Celmerowski.
260 _aBiałystok,
_c1983.
490 1 _aSkrypty
830 _aSkrypty
040 _cBPK
041 _apol
080 _a624.01:519.86
942 _cKS
008 s pl f |000 0 pol
999 _c21861
_d21861
856 _uhttp://koha.tu.koszalin.pl/cgi-bin/koha/opac-detail.pl?biblionumber=21861
_yKatalog online BPK